The origins and development of the English language (Record no. 43225)

MARC details
000 -LEADER
fixed length control field 00428nam a2200181Ia 4500
020 ## - INTERNATIONAL STANDARD BOOK NUMBER
ISBN 9781424231481
050 ## - CALL MARK
Classification number PE 1075 .A54/
100 ## - STATEMENT OF RESPONSIBILITY--MAIN AUTHOR NAME
Personal name Algeo, John.
245 #4 - TITLE STATEMENT
Title The origins and development of the English language
260 ## - PUBLICATION, DISTRIBUTION, ETC. (IMPRINT)
Place of publication Boston
260 ## - PUBLICATION, DISTRIBUTION, ETC. (IMPRINT)
Name of publisher Wadsworth
260 ## - PUBLICATION, DISTRIBUTION, ETC. (IMPRINT)
Year of publication 2010
300 ## - PHYSICAL DESCRIPTION
Number of Pages 347 p
650 ## - SUBJECT ADDED ENTRY--TOPICAL TERM
Topical Term Boston
942 ## - ADDED ENTRY ELEMENTS (KOHA)
Koha item type Books
Holdings
Withdrawn status Lost status Source of classification or shelving scheme Damaged status Not for loan Permanent Location Current Location Shelving location Date acquired Accession Number Price effective from Koha item type
    Library of Congress Classification     NILE UNIVERSITY OF NIGERIA - MAIN LIBRARY NILE UNIVERSITY OF NIGERIA - MAIN LIBRARY Items on shelf 06/03/2025 0005247 06/03/2025 Books
    Library of Congress Classification     NILE UNIVERSITY OF NIGERIA - MAIN LIBRARY NILE UNIVERSITY OF NIGERIA - MAIN LIBRARY Items on shelf 06/03/2025 0005248 06/03/2025 Books